| 000 | 00553nam 22001693 4500 | ||
|---|---|---|---|
| 001 | 200405 | ||
| 090 | _a200405 | ||
| 100 | _a20260205d u||y0pory50 ba | ||
| 200 |
_aQuimeras, clones e genes _fNicole Le Douarin _gtradução de Isabel Palmeirim, Alexandra Manaia |
||
| 210 |
_aLisboa _cServiço de Educação e Bolsas, Fundação Calouste Gulbenkian _d2005 |
||
| 215 |
_a501 p. _cbrochado _d23 cm |
||
| 606 |
_9927 _aMedicina |
||
| 675 |
_a61 _vPT _zpor |
||
| 700 |
_916210 _aDouarin _bNicole Le |
||
| 801 |
_aPT _bBMMN _gRPC |
||
| 830 |
_cFernando _fFernando |
||
| 990 | _cLIVROS | ||